Conceptual breakthroughs in evolutionary genetics : a brief history of shifting paradigms /

Saved in:
Bibliographic Details
Main Author: Avise, John C. (Author)
Format: Book
Language:English
Published: Amsterdam : Elsevier, Academic Press, [2014]
Subjects:
Online Access:Publisher description
Tags: Add Tag
No Tags, Be the first to tag this record!

MARC

LEADER 00000cam a22000007i 4500
001 18202692
003 OSt
005 20200909065453.0
008 140626t2014 ne a b 001 0 eng d
010 |a  2014378831 
016 7 |a 016611791  |2 Uk 
020 |a 9780124201668 
020 |a 0124201660 
035 |a (OCoLC)ocn869186163 
040 |a CDX  |b eng  |c CDX  |e rda  |d UKMGB  |d OCLCQ  |d YDXCP  |d EAU  |d BTCTA  |d BDX  |d OBE  |d DLC 
042 |a lccopycat 
050 0 0 |a QH390  |b .A93 2014 
082 0 4 |a 572.8 
100 1 |a Avise, John C.,  |e author. 
245 1 0 |a Conceptual breakthroughs in evolutionary genetics :  |b a brief history of shifting paradigms /  |c John C. Avise. 
264 1 |a Amsterdam :  |b Elsevier, Academic Press,  |c [2014] 
264 4 |c ©2014 
300 |a xix,164 pages :  |b illustrations ;  |c 23 cm 
336 |a text  |b txt  |2 rdacontent 
337 |a unmediated  |b n  |2 rdamedia 
338 |a volume  |b nc  |2 rdacarrier 
504 |a Includes bibliographical references and index. 
505 0 |a Part I. The first 50 years (1859-1910) : laying the foundations -- Part II. The next 50 years (1910-1960) : expanding the foundations -- Part III. The 1960s and 1970s : dawn of the molecular era -- Part IV. Post-1980 : elaborating and revisiting the foundations. 
650 0 |a Evolutionary genetics. 
856 4 2 |3 Publisher description  |u http://www.loc.gov/catdir/enhancements/fy1606/2014378831-d.html 
906 |a 7  |b cbc  |c copycat  |d 2  |e ncip  |f 20  |g y-gencatlg 
942 |2 ddc  |c BK 
952 |0 0  |1 0  |2 lcc  |4 0  |7 0  |9 5  |a HOL  |b HOL  |d 2020-09-09  |l 0  |o 572.8  |p 2020-0004  |r 2020-09-09 00:00:00  |w 2020-09-09  |y BK 
952 |0 0  |1 0  |2 lcc  |4 0  |7 0  |9 6  |a HOL  |b HOL  |d 2020-09-09  |l 0  |o 572.8  |p 2020-0005  |r 2020-09-09 00:00:00  |w 2020-09-09  |y BK 
952 |0 0  |1 0  |2 lcc  |4 0  |7 0  |9 7  |a HOL  |b HOL  |d 2020-09-09  |l 0  |o 572.8  |p 2020-0006  |r 2020-09-09 00:00:00  |w 2020-09-09  |y BK 
952 |0 0  |1 0  |2 lcc  |4 0  |7 0  |9 8  |a HOL  |b HOL  |d 2020-09-09  |l 0  |o 572.8  |p 2020-0007  |r 2020-09-09 00:00:00  |w 2020-09-09  |y BK 
952 |0 0  |1 0  |2 lcc  |4 0  |7 0  |9 9  |a HOL  |b HOL  |d 2020-09-09  |l 0  |o 572.8  |p 2020-0008  |r 2020-09-09 00:00:00  |w 2020-09-09  |y BK 
952 |0 0  |1 0  |2 lcc  |4 0  |7 0  |9 10  |a HOL  |b HOL  |d 2020-09-09  |l 0  |o 572.8  |p 2020-0009  |r 2020-09-09 00:00:00  |w 2020-09-09  |y BK 
955 |b rl02 2014-06-26 z-processor  |a rl00 20 14-06-30 to BCCD 
999 |c 3  |d 3